[Event "Vitoria Gasteiz op 1st"]
[Site "Vitoria Gasteiz"]
[Date "2025.07.01"]
[Round "2"]
[White "Odriozola Coscolin, Dani"]
[Black "De la Hera Narganes, Carlos"]
[Result "1-0"]
[WhiteElo "2035"]
[BlackElo "1792"]
[PlyCount "110"]
[EventDate "2025.06.30"]
[EventType "swiss"]
[EventRounds "9"]
[EventCountry "ESP"]
[SourceTitle "CB28_2025"]
[SourceDate "2025.07.09"]
[SourceVersion "1"]
[SourceVersionDate "2025.07.09"]
[SourceQuality "1"]

1. e4 e5 2. Nf3 Nc6 3. Bc4 Nf6 4. d3 Bc5 5. c3 0-0 6. 0-0 d6 7. Nbd2 Bb6 8. Re1 Na5 9. Bb5 Bd7 10. Bxd7 Qxd7 11. b4 Nc6 12. Nc4 Rfe8 13. a4 Ng4 14. Re2 a6 15. Nxb6 cxb6 16. h3 Nf6 17. Bg5 Qe6 18. d4 d5 19. Bxf6 gxf6 20. exd5 Qxd5 21. dxe5 Qxd1+ 22. Rxd1 Nxe5 23. Nxe5 fxe5 24. Rd6 Rac8 25. Rxb6 Rxc3 26. Rxb7 Ra3 27. a5 Ra1+ 28. Kh2 Kf8 29. Rc2 Rf1 30. Kg3 e4 31. Rcc7 e3 32. Rxf7+ Kg8 33. Rg7+ Kh8 34. Rxh7+ Kg8 35. Rbg7+ Kf8 36. Rh8+ Kxg7 37. Rxe8 exf2 38. Re2 Rb1 39. Rxf2 Rxb4 40. Rc2 Rb5 41. Ra2 Kg6 42. Ra4 Rb3+ 43. Kf4 Rb5 44. g4 Kh6 45. h4 Rc5 46. Re4 Rxa5 47. Re6+ Kg7 48. Re5 Ra1 49. Kg5 a5 50. Re7+ Kf8 51. Ra7 a4 52. Kg6 a3 53. h5 Rg1 54. g5 Ra1 55. h6 a2 1-0